000 00457nam a2200169 a 4500
005 20140310183506.0
008 100923s19uu xx 00 eng d
020 _a0345476999
050 _aPS 3557
_b.G378 2006
100 _aGerritsen,Tess
245 _aThe Mephisto Club :
_ba novel /
_cTess Gerritsen.
260 _aNew York :
_bThe Random House Pub,
_c2006.
300 _a353 p. :
_c18 cm.
650 _aFiction
942 _cBK
_2lcc
999 _c24052
_d24052